| 000 | 00693nas a2200229 4500 | ||
|---|---|---|---|
| 001 | BR7704311 | ||
| 003 | BR-BrBNA | ||
| 005 | 20231205083225.0 | ||
| 007 | ta | ||
| 008 | 230509b bl.|||p| |||| 00| 00por d | ||
| 040 |
_aBR-BrBNA _bpor _cBiblioteca Nacional de Agricultura |
||
| 041 | _a(Pt) | ||
| 072 | _aK20 | ||
| 100 | 1 | _aMartin, A.O. | |
| 245 | 1 | _aAproveitamento dos hortos florestais [Administracao Florestal] | |
| 650 | _aADMINISTRACAO FLORESTAL | ||
| 650 | _aHORTO FLORESTAL | ||
| 650 | _aRECURSO FLORESTAL | ||
| 773 | 0 |
_tRevista da Madeira (Brazil) _xISSN 0034-7582 _g(Jun 1977), v. 26(306) p. 27-30 _wBR7704311 |
|
| 909 |
_a202311 _bLúcia _c55 _dLúcia Elande |
||
| 942 |
_2AGRIS _n0 _cANA |
||
| 999 |
_c97267 _d97267 |
||